000 00983cam a2200217 i 4500
999 _c57930
_d57930
001 17997536
005 20221114112038.0
008 140114s2013 inu b 001 0 eng d
020 _a9780253009722x
041 _aeng
080 _a32 St-81
100 1 _aStaab, Andreas
_d
_910870
245 1 4 _aThe European Union explained :
_binstitutions, actors, global impact /
_cAndreas Staab.
250 _aThird edition.
264 1 _aBloomington, Indiana :
_bIndiana University Press,
_c2013.
300 _a236 pages ;
_c24 cm.
653 _aThe European Union Explained : Institutions, Actors, Global Impact
653 _aევროკავშირის ახსნა : ინსტიტუტები, მსახიობები, გლობალური ზემოქმედება
653 _aОбъяснение Европейского союза : институты, участники, глобальное воздействие
942 _2udc
_cBK